Dom storakých služieb : okienko /
Uložené v:
| Ďalší autori: | |
|---|---|
| Médium: | Kniha |
| Jazyk: | Slovak |
| Vydané: |
Bratislava :
Mladé letá,
1960.
|
| Vydanie: | 1. vyd. |
| ISBN: |
(viaz.) |
| Fyzický popis: |
Nestr. : obr. |
| Tagy: |
Pridať tag
Žiadne tagy, Buďte prvý kto otaguje tento záznam!
|
Titul je dostupný aj v ... 

MARC
| LEADER | 00000nam a22000004a 4500 | ||
|---|---|---|---|
| 001 | 000427521 | ||
| 005 | 20130714190316.0 | ||
| 008 | 130714s1960 xo e 000 0 slo d | ||
| 020 | |a (viaz.) |c Kčs 7,20 | ||
| 040 | |a SVKKK |b slo |c SVKKK |e AACR2 | ||
| 041 | 0 | |a slo | |
| 044 | |a xo |c SK | ||
| 245 | 0 | 0 | |a Dom storakých služieb : |b okienko / |c David Foll. |
| 250 | |a 1. vyd. | ||
| 260 | |a Bratislava : |b Mladé letá, |c 1960. | ||
| 300 | |a Nestr. : |b obr. | ||
| 700 | 1 | |a Foll, David |4 ill | |
| 910 | |a svkkk | ||
| 998 | |a BK | ||
| 090 | |g SCKHL |k Sklad Hlavná 10 suterén |a I.20946 |j 281319 |i 2720423283 |s Prezenčne | ||